000 00539cam a2200181 4500500
005 20260329003802.0
041 _afre
042 _adc
100 1 0 _aGalou, Adam
_eauthor
245 0 0 _aMission impensable/Hannah Arendt
260 _c2017.
500 _a15
690 _aAdam Galou
690 _aHannah Arendt
690 _aLiberté
786 0 _nPhilosophie magazine | 106 | 2 | 2017-02-01 | p. 29-29 | 1951-1787
856 4 1 _uhttps://shs.cairn.info/magazine-philosophie-magazine-2017-2-page-29?lang=fr&redirect-ssocas=7080
999 _c1827683
_d1827683